[Event "Bastiais Master 6th"]
[Site "Bastia"]
[Date "2007.11.??"]
[Round "?"]
[White "Pietrelle, Christian"]
[Black "Vigna, Rene"]
[Result "1-0"]
[WhiteElo "1499"]
[BlackElo "1570"]
[PlyCount "57"]
[EventDate "2007.11.??"]
[EventType "swiss"]
[EventRounds "9"]
[EventCountry "FRA"]
[SourceTitle "EXT 2009"]
[Source "ChessBase"]
[SourceDate "2008.11.26"]
[SourceVersion "1"]
[SourceVersionDate "2008.11.26"]
[SourceQuality "1"]

1. e4 e6 2. e5 d6 3. Nf3 Nc6 4. Bb5 Nge7 5. d4 Bd7 6. Bg5 h6 7. Bh4 Qc8 8. 0-0 d5 9. Nc3 Ng6 10. Bg3 Be7 11. h4 Qd8 12. h5 Nh4 13. Na4 Nxf3+ 14. Qxf3 Nxd4 15. Qg4 Nxb5 16. Qxg7 Rf8 17. Qg4 Na3 18. c3 Bxa4 19. Qxa4+ c6 20. bxa3 Qd6 21. exd6 Bxd6 22. Bxd6 Rg8 23. Qb4 b6 24. Rfe1 Kd7 25. Bf4 c5 26. Qb5+ Ke7 27. Bxh6 Rh8 28. Qc6 Rad8 29. Bg5+ 1-0